| 000 | 01361nam0a2200349 4500 | ||
|---|---|---|---|
| 001 | RU\NLR\BIBL_A\022320645 | ||
| 005 | 20241028150951.0 | ||
| 010 |
_a978-5-389-25207-3 _95000 |
||
| 021 |
_aRU _bКН-П-24-044294 _9КН-П-24-4407 |
||
| 035 | _a(NLR Aleph) 022320645 | ||
| 090 |
_a13256763 _c13256763 |
||
| 100 | _a20240912d2024 d y0rusy50 ca | ||
| 101 | 0 | _arus | |
| 102 | _aRU | ||
| 105 | _aa|||z|||000ay | ||
| 181 | 0 |
_ai3 _baxxe |
|
| 181 | 0 |
_ab2 _bxb2e |
|
| 182 | 0 | _an | |
| 200 | 1 |
_aСын полка _eповесть _e[для среднего школьного возраста] _fВалентин Катаев _gхудожник: Владимир Плевин |
|
| 203 |
_aТекст _aИзображение _bвизуальные _cнепосредственные |
||
| 210 |
_aМосква _cМахаон _cАзбука-Аттикус _d2024 |
||
| 215 |
_a190, [1] с., [8] л. цв. ил. _cил. _d21 |
||
| 225 | 1 | _aКлассная литература | |
| 333 | _a0+ | ||
| 686 | 0 | _aШ9(2)62=Р7-4 | |
| 700 | 1 |
_aКатаев _bВ. П. _f1897-1986 _gВалентин Петрович _3RU\NLR\AUTH\7725994 |
|
| 702 | 1 |
_aПлевин _bВ. Ф. _f1953- _gВладимир Федорович _3RU\NLR\AUTH\770253434 _4040 |
|
| 942 | _cBOOK | ||
| 980 | _aNB | ||